| 000 | 00804cam a22001694a 4500 | ||
|---|---|---|---|
| 005 | 20250605164402.0 | ||
| 008 | 250528s ||||||||||||||||||||||||d | ||
| 035 | _a24662 | ||
| 040 |
_aGR-AtMCL _bgre _dGR-AtMCL _eAACR2 |
||
| 245 | 1 | _aΗ Βιωσιμότητα των Συντάξεων Απαιτεί Τρεις Πυλώνες Ασφάλισης | |
| 260 |
_bMorax Media S.A, _c2022 |
||
| 520 | _aΚαταστροφικές Διαδικτυακές Επιθέσεις, Η Επαγγελματική Ασφάλιση στην Ελλάδα, Γιατί Ιδρύονται Νέα Επαγγελματικά Ταμεία, Η 'Ελπίδα' Πεθαίνει Τελευταία. | ||
| 700 | 1 |
_aΜωράκης Φίλιππος _99500 |
|
| 942 | _cCR | ||
| 999 |
_c9529 _d9529 |
||